F1 2025 Grid - Statistics

General Stats
  • This quiz has been taken 17 times
  • The average score is 21 of 23
Answer Stats
Hint Nation Answer % Correct
Ferrari ๐Ÿ‡ฒ๐Ÿ‡จ Charles Leclerc
100%
Mercedes ๐Ÿ‡ฌ๐Ÿ‡ง George Russell
100%
Mercedes ๐Ÿ‡ฎ๐Ÿ‡น Kimi Antonelli
100%
McLaren ๐Ÿ‡ฌ๐Ÿ‡ง Lando Norris
100%
Ferrari ๐Ÿ‡ฌ๐Ÿ‡ง Lewis Hamilton
100%
Redbull ๐Ÿ‡ณ๐Ÿ‡ฑ Max Verstappen
100%
McLaren ๐Ÿ‡ฆ๐Ÿ‡บ Oscar Piastri
100%
Redbull ๐Ÿ‡ฏ๐Ÿ‡ต Yuki Tsunoda
100%
Racing Bulls ๐Ÿ‡ฏ๐Ÿ‡ต Yuki Tsunoda
100%
Aston Martin ๐Ÿ‡ช๐Ÿ‡ธ Fernando Alonso
92%
Sauber ๐Ÿ‡ง๐Ÿ‡ท Gabriel Bortoleto
92%
Aston Martin ๐Ÿ‡จ๐Ÿ‡ฆ Lance Stroll
92%
Redbull ๐Ÿ‡ณ๐Ÿ‡ฟ Liam Lawson
92%
Racing Bulls ๐Ÿ‡ณ๐Ÿ‡ฟ Liam Lawson
92%
Alpine ๐Ÿ‡ซ๐Ÿ‡ท Pierre Gasly
92%
Williams ๐Ÿ‡น๐Ÿ‡ญ Alexander Albon
83%
Williams ๐Ÿ‡ช๐Ÿ‡ธ Carlos Sainz
83%
Haas ๐Ÿ‡ซ๐Ÿ‡ท Esteban Ocon
83%
Alpine ๐Ÿ‡ฆ๐Ÿ‡ท Franco Colapinto
83%
Racing Bulls ๐Ÿ‡ซ๐Ÿ‡ท Isack Hadjar
83%
Sauber ๐Ÿ‡ฉ๐Ÿ‡ช Nico Hรผlkenberg
83%
Haas ๐Ÿ‡ฌ๐Ÿ‡ง Ollie Bearman
75%
Alpine ๐Ÿ‡ฆ๐Ÿ‡บ Jack Doohan
58%
No matching quizzes found
Score Distribution
Percent of People with Each Score
Percentile by Number Answered
Your Score History
You have not taken this quiz